00692nam a2200193Ia 4500008004100000040003800041041000800079084000800087100003600095245005800131260002900189300001900218336002900237337003300266338002800299502010300327942005300430999001500483250919t1944||||xx |||||||||||||| ||spa|| agtgcuscobspacgtgcuscodgtgcusco aspa aT53 aAzpuru Pellecer, Federico98761 0aConsideraciones sobre la vitamina K en Odontología. aGuatemala :bUSAC,c1944 a27 p. :bil. : atextobtxt2rdacontenido aSin mediaciónbn2rdamedio avolumenbnc2rdasoporte aTesis (Cirujano Dentista) -- Universidad de San Carlos de Guatemala, Facultad de Odontología. -- aBiblioteca Facultad de OdontologíacTESISkT53 c7223d7223